00583nam a2200157 a 4500008004100000050001600041100002000057245005900077250001100136260002600147300001500173350000900188995008700197999001700284952012400301120416s1952 ||||||||||||||||| || u aHG 1572 Bar aBarker, H. A. F14aThe principles and practice of banking in South Africa a3rd ed aCape TownbJutac1952 a[8], 549p. a0.00 D0.00FCBU-MAIN LIBRARY (Kitwe)H1I2.25M1UAVAILABLEZAnnex Low-Usage Collection  c54483d54483 00102lcc4070a001b001cAnnex Low-Usage Collection d2022-11-30l0oHG 1572 Barp007674r2022-11-30w2022-11-30y002